Primeras operaciones de aritmética y tablas para contar

Gespeichert in:
Bibliographische Detailangaben
Format: Buch
Sprache:Spanisch
Erschienen: Barcelona : Miguel A. Salvatella, 1939
Ausgabe:2ª ed.
Katalog:MANES:  Suchergebnis im Bibliothekskatalog
Schulbuchspezifische Eigenschaften:
Schriftenreihe:Cartillas Montana
Tags: Tag hinzufügen
Keine Tags, Fügen Sie den ersten Tag hinzu!
Hinzugefügt zu:09.02.2019
Geändert in:07.05.2025

MARC

LEADER 00000cam a2200000 4500
005 20250507134347.0
008 190210S1939 0espa p 0000 00spa0d
040 |a uned  |b spa  |c entro-manes 
041 0 |a spa 
245 0 0 |a Primeras operaciones de aritmética y tablas para contar 
250 |a 2ª ed. 
260 |a Barcelona :  |b Miguel A. Salvatella,  |c 1939 
300 |a [14] p. :  |b il. 
440 0 0 |a Cartillas Montana   |9 36532 
546 |a España 
561 |5 es-BUNED  |3 L.T. 1529  |a España. Fondo Manes UNED  |k MANES 
690 0 |a MATE 
942 |2 ddc  |c BK 
999 |c 92621  |d 92621 
999 |c manes:92621  |d 92621